000 01405nam a2200253Ia 4500
999 _c34668
_d34668
001 447
003 GE_BSU
005 20200120162917.0
008 181216s2008||||ge |||||||||||||| ||geo||
020 _a9789994099993
040 _cGE_BSU
041 _ageo
080 _a912(479.22) ს-75
100 _aსოხაძე, მარინე
_94259
245 _aსაქართველოს ატლასი /
_cტექსტის ავტ. მარინე სოხაძე ; სამეცნ. რედ. ლევან ქუთათელაძე, რედ. რუსუდან გორგაძე ; [ტექსტზე აგრეთვე მუშაობდნენ: რუსუდან გორგაძე, თინათინ მამულაშვილი, თამარ გავაშელიშვილი [და სხვ.]].
250 _aI-ლი გამოც.
264 _aთბილისი :
_bბაკურ სულაკაურის გამომცემლობა,
_c2008.
300 _a96 გვ.;
_bფოტ., რუკ. ;
_c29 სმ.
501 _aსაძიებლები: გვ. 90-95.
541 _h20 ლ.
653 _a საქართველოს ატლასი
700 _aსოხაძე, მარინე
_eტექსტის ავტორი
_94259
942 _cBK
_2udc